000 00695nam a2200217Ia 4500
003 BUBTL
008 151213s9999 xx 000 0 und d
020 _a0201114364
082 _a658.1'599/ Ei92/ 1986
100 _aEiteman, David K.
_93586
245 _aMultinational Business Finance /
_cDavid K. Eiteman, Arthur I. Stonehill and Donald R. Lessard
250 _a4th
260 _aTokeyo
_bAddison Wesley
_cc1986
300 _a[xvi], 684p . :
_bill. ; 23cm.
500 _aIncludes Index
650 _aFinance
_93587
700 _aDavid K. Eiteman, Arthur I. Stonehill and Donald R. Lessard
_93588
856 _k0
_l0
_yDownload
942 _2ddc
_cBK
999 _c1835
_d1835